000 00849nam a2200265 i 4500
001 19455
003 ES-MaACL
005 20250827232741.0
007 t|
008 020829s2001 sp ||||1| spa d
020 _a84-8432-269-6
080 _a930.2
080 _a003.6
100 1 _aBurke, Peter.
_932700
245 1 0 _aVisto y no visto
_b: el uso de la imagen como documento histórico /
_cPeter Burke ; traducción de Teófilo de Lozoya.
260 _aBarcelona :
_bCrítica,
_c[2001]
300 _a285 p. :
_bil. ;
_c23 cm.
490 1 _aLetras de humanidad
650 1 4 _aHistoria-
_xMetodología.
_913381
650 1 4 _aImágenes-
_xInterpretación.
_913597
700 1 _aLozoya, Teófilo de.
_974479
830 0 0 _aLetras de humanidad (Crítica)
_9180478
852 _aES-MaACL
_jL-25890
_bR.130763
999 _c19455
_d19455